000
00254nam a2200109Ia 4500
008
200302s9999 xx 000 0 und d
100
_a
Xavier Greffe
245
_a
Managing Our Cultural Heritage
260
_b
Aryan Books
260
_c
2001
300
_a
195 P
999
_c
4375
_d
4375